Les conséquences psychologiques du cyclone Chido (notice n° 1665533)
[ vue normale ]
| 000 -LEADER | |
|---|---|
| fixed length control field | 02178cam a2200169 4500500 |
| 005 - DATE AND TIME OF LATEST TRANSACTION | |
| control field | 20260222002656.0 |
| 041 ## - LANGUAGE CODE | |
| Language code of text/sound track or separate title | fre |
| 042 ## - AUTHENTICATION CODE | |
| Authentication code | dc |
| 100 10 - MAIN ENTRY--PERSONAL NAME | |
| Personal name | Briard-Girard, Virginie |
| Relator term | author |
| 245 00 - TITLE STATEMENT | |
| Title | Les conséquences psychologiques du cyclone Chido |
| 260 ## - PUBLICATION, DISTRIBUTION, ETC. | |
| Date of publication, distribution, etc. | 2026.<br/> |
| 500 ## - GENERAL NOTE | |
| General note | 22 |
| 520 ## - SUMMARY, ETC. | |
| Summary, etc. | Les lésions kystiques pancréatiques (LKP) sont fréquentes en population générale adulte et leur prévalence augmente avec l’âge. L’immense majorité de ces lésions kystiques sont des tumeurs intra-canalaires papillaires et mucineuses (TIPMP). Cette découverte est généralement fortuite et les lésions sont le plus souvent de petite taille (moins de 10 mm). La question de la prise en charge est complexe car certaines LKP sont des lésions précancéreuses (TIPMP, tumeur mucineuse kystique) ou à potentiel évolutif (tumeurs pseudo-papillaires et solides ou tumeurs neuroendocrines kystiques) et d’autres sont bénignes ne nécessitant ni surveillance ni chirurgie. Une connaissance de ces kystes et des moyens diagnostiques à disposition est essentielle pour identifier les lésions les plus à risque et proposer une prise en charge adaptée. |
| 520 ## - SUMMARY, ETC. | |
| Summary, etc. | Pancreatic cystic lesions (PCLs) are common in the general adult population and their prevalence increases with age. The vast majority of these cystic lesions are intraductal papillary mucinous neoplasms of the pancreas (IPMN). This discovery is usually incidental and the lesions are most often small (less than 10 mm). The management of those cystic lesions is complex because some PCLs are precancerous lesions (IPMN, cystic mucinous tumors) or have the potential to develop (pseudopapillary and solid tumors or cystic neuroendocrine tumors), while others are benign and require neither monitoring nor surgery. Knowledge of these cysts and the diagnostic tools available is essential to identify the lesions with the greatest risk of cancer and to propose an appropriate management. |
| 786 0# - DATA SOURCE ENTRY | |
| Note | L'information psychiatrique | 102 | 1 | 2026-02-04 | p. 7-8 | 0020-0204 |
| 856 41 - ELECTRONIC LOCATION AND ACCESS | |
| Uniform Resource Identifier | <a href="https://stm.cairn.info/revue-linformation-psychiatrique-2026-1-page-7?lang=fr&redirect-ssocas=7080">https://stm.cairn.info/revue-linformation-psychiatrique-2026-1-page-7?lang=fr&redirect-ssocas=7080</a> |
Pas d'exemplaire disponible.




Réseaux sociaux